000 00338nam a2200145Ia 4500
008 230718s9999 xx 000 0 und d
041 _aEng.
082 _a346.42
_bKAR-M
100 _aKarker, Stephen
245 0 _aMatrimonial Hand Book
260 _aPakistan
_bSweet and maxwell
_c2000
300 _a237
650 _aLaw
999 _c30162
_d30162